000 00469nam a22001817a 4500
005 20230111132902.0
008 221219b |||||||| |||| 00| 0 eng d
020 _a978-9390457-15-1
041 _aeng
082 _a005.133 RAO -C
100 _aRAO, Dr. R. NAGESWARA
_97389
245 _aCORE PYTHON PROGRAMMING
250 _a3rd ed.
260 _aNEW DELHI
_bDREAMTECH PRESS
_c2021
300 _a765;P.
650 _aINFORMATION TECHNOLOGY
_9137
942 _cBK
999 _c8110
_d8108